| 000 | 00589nam a22001577a 4500 | ||
|---|---|---|---|
| 003 | OSt | ||
| 005 | 20150917110922.0 | ||
| 008 | 150917b xxu||||| |||| 00| 0 eng d | ||
| 040 | _cRUA | ||
| 082 | _aAGR KHI 2004 B030 Or.1 | ||
| 100 |
_9660 _aKHIEV, KHEMRA. |
||
| 245 | _alongan cultivating techniques in kamchaymear district preyveng province(បច្ចេកទេើដាុះដុះដំណាំមៀន នៅស្រុកកំចាយមារ ខេត្តព្រៃវែង) | ||
| 260 |
_aPhnom Penh _bRUA _c2004 |
||
| 300 |
_a41p. _bill. _c29cm. |
||
| 942 |
_2ddc _cAGR |
||
| 999 |
_c636 _d636 |
||